|
|
|
|
| LEADER |
00000nam0a2200000 4500 |
| 001 |
363870 |
| 005 |
20231102011630.0 |
| 035 |
|
|
|a (RuTPU)RU\TPU\retro\21217
|
| 090 |
|
|
|a 363870
|
| 100 |
|
|
|a 20211014d1980 m y0rusy50 ca
|
| 101 |
0 |
|
|a rus
|
| 102 |
|
|
|a RU
|
| 105 |
|
|
|a a z 001zb
|
| 200 |
1 |
|
|a Сотвори себя
|e документально-художественная повесть об авиаконструкторе О. К. Антонове
|f В. Б. Казвков
|
| 210 |
|
|
|a Саратов
|c Приволжское книжное издательство
|d 1980
|
| 215 |
|
|
|a 176 с.
|c ил.
|
| 320 |
|
|
|a Библиогр.: с. 174
|
| 600 |
|
1 |
|a Антонов
|b О. К.
|c авиаконструктор
|c академик АН СССР
|f 1906-1984
|g Олег Константинович
|2 stltpush
|3 (RuTPU)RU\TPU\pers\20966
|9 8641
|
| 606 |
1 |
|
|a Авиаконструкторы
|2 stltpush
|3 (RuTPU)RU\TPU\subj\93
|9 29128
|
| 610 |
1 |
|
|a авиация
|
| 610 |
1 |
|
|a авиационные конструкции
|
| 610 |
1 |
|
|a история
|
| 610 |
1 |
|
|a СССР
|
| 610 |
1 |
|
|a 20 век
|
| 610 |
1 |
|
|a самолеты
|
| 610 |
1 |
|
|a документальные повести
|
| 675 |
|
|
|a 629.73.002(092)
|v 4
|
| 700 |
|
1 |
|a Казвков
|b В. Б.
|g Владимир Борисович
|
| 801 |
|
1 |
|a RU
|b 63413507
|c 20211014
|
| 942 |
|
|
|c BK
|